The phanerozoic geology and natural resources of Egypt / (Record no. 30992)

MARC details
000 -LEADER
fixed length control field 03773nam a2200481 i 4500
003 - CONTROL NUMBER IDENTIFIER
control field EG-ScBUE
005 - DATE AND TIME OF LATEST TRANSACTION
control field 20250812084222.0
008 - FIXED-LENGTH DATA ELEMENTS--GENERAL INFORMATION
fixed length control field 200219s2023 sz a f 000 0 eng d
020 ## - INTERNATIONAL STANDARD BOOK NUMBER
International Standard Book Number 9783030956363
040 ## - CATALOGING SOURCE
Original cataloging agency EG-ScBUE
Language of cataloging eng
Description conventions rda
Transcribing agency EG-ScBUE
Modifying agency EG-ScBUE
043 ## - GEOGRAPHIC AREA CODE
Geographic area code f-ua---
082 04 - DEWEY DECIMAL CLASSIFICATION NUMBER
Edition number 22
Classification number 551.700962
Item number PHA
245 04 - TITLE STATEMENT
Title The phanerozoic geology and natural resources of Egypt /
Statement of responsibility, etc Zakaria Hamimi, Hassan Khozyem, Thierry Adatte, Fadi H. Nader, Francisca Oboh-Ikuenobe, Mohamed K. Zobaa, Haytham El Atfy, editors.
264 #1 - PUBLICATION, DISTRIBUTION, ETC. (IMPRINT)
Place of publication, distribution, etc Cham :
Name of publisher, distributor, etc Springer International Publishing ,
Date of publication, distribution, etc 2023.
300 ## - PHYSICAL DESCRIPTION
Extent xix, 742 pages :
Other physical details illustrations ;
Dimensions 30 cm.
336 ## - CONTENT TYPE
Content type term text
Content type code txt
Source rdacontent
337 ## - MEDIA TYPE
Media type term computer
Media type code c
Source rdamedia
338 ## - CARRIER TYPE
Carrier type term online resource
Carrier type code cr
Source rdacarrier
347 ## - DIGITAL FILE CHARACTERISTICS
File type text file
Encoding format PDF
Source rda
490 1# - SERIES STATEMENT
Series statement Advances in Science, Technology & Innovation, IEREK Interdisciplinary Series for Sustainable Development,
International Standard Serial Number 2522-8722
505 0# - FORMATTED CONTENTS NOTE
Formatted contents note Overall paleogeographic and geodynamic evolution -- Major Groundwater reservoirs in Egypt -- Western Desert Petroleum sources and reservoirs -- Nile Delta Petroleum sources and reservoirs -- Gulf of Suez and Red Sea Petroleum sources and reservoirs -- Off-shore Mediterranean discoveries -- Petroleum Source Rocks of Egypt - An Integrated Palynological and Organic Geochemical Approach: Spatio-temporal studies within the Phanerozoic of Egypt -- Carbonate platform deposits and hydrocarbon potentiality -- Hydrocarbon seepage during the Messinian salinity crisis -- Rare Earth Element in Egypt -- Phanerozoic Stratabound/Stratiform Ore Deposits of Egypt.
506 ## - RESTRICTIONS ON ACCESS NOTE
Terms governing access Access restricted by licensing agreement.
520 ## - SUMMARY, ETC.
Summary, etc The Phanerozoic Geology and Natural Resources of Egypt includes a series of chapters written by highly qualified group of researchers whose expertise is recognized and appreciated not only in Egypt, but also in the world over. The chapters span a wide range of geological subdisciplines including tectonics, paleogeography, stratigraphy, sedimentology, paleontology, groundwater, and energy resources, just to name a few. In this regard, the book provides the reader with ample knowledge about the different facets of the fascinating and always intriguing geology of Egypt since the Precambrian time. For a junior researcher or a geoscience student, the book is a comprehensive, multidisciplinary one-stop resource that they will continue to reference and rely on for years to come. For a more experienced scientist, the book summarizes the current state of knowledge, highlights the magnitude of complexity of the geology of Egypt and northeast Africa, and reveals potential areas where future research should be directed. The book is written in simple, easy to understand English language and contains very useful high-quality illustrations. Last but not least, The Phanerozoic Geology and Natural Resources of Egypt has been reviewed and edited by world class, highly ranked geoscientists from Egypt, Europe, and USA.
590 ## - LOCAL NOTE (RLIN)
Local note Access is available to the Yale community.
650 #7 - SUBJECT ADDED ENTRY--TOPICAL TERM
Topical term or geographic name as entry element Geology.
Source of heading or term BUEsh
650 #7 - SUBJECT ADDED ENTRY--TOPICAL TERM
Topical term or geographic name as entry element Petrology.
Source of heading or term BUEsh
650 #7 - SUBJECT ADDED ENTRY--TOPICAL TERM
Topical term or geographic name as entry element Earth sciences.
Source of heading or term BUEsh
653 ## - INDEX TERM--UNCONTROLLED
Arrived date list August2025
700 1# - ADDED ENTRY--PERSONAL NAME
Personal name Hamimi, Zakaria.
Relator term editor.
700 1# - ADDED ENTRY--PERSONAL NAME
Personal name Khozyem, Hassan.
Relator term editor.
700 1# - ADDED ENTRY--PERSONAL NAME
Personal name Adatte, Thierry.
Relator term editor.
700 1# - ADDED ENTRY--PERSONAL NAME
Personal name Nader, Fadi H.
Relator term editor.
700 1# - ADDED ENTRY--PERSONAL NAME
Personal name Oboh-Ikuenobe, Francisca.
Relator term editor.
700 1# - ADDED ENTRY--PERSONAL NAME
Personal name Zobaa, Mohamed K.
Relator term editor.
700 1# - ADDED ENTRY--PERSONAL NAME
Personal name El Atfy, Haytham.
Relator term editor.
730 0# - ADDED ENTRY--UNIFORM TITLE
Uniform title Springer ENIN.
773 0# - HOST ITEM ENTRY
Title Springer Nature eBook
776 08 - ADDITIONAL PHYSICAL FORM ENTRY
Display text Printed edition:
International Standard Book Number 9783030956363
776 08 - ADDITIONAL PHYSICAL FORM ENTRY
Display text Printed edition:
International Standard Book Number 9783030956387
776 08 - ADDITIONAL PHYSICAL FORM ENTRY
Display text Printed edition:
International Standard Book Number 9783030956394
942 ## - ADDED ENTRY ELEMENTS (KOHA)
Source of classification or shelving scheme Dewey Decimal Classification
Koha item type Book - Borrowing
Holdings
Withdrawn status Lost status Source of classification or shelving scheme Damaged status Not for loan Collection code Home library Current library Shelving location Date acquired Source of acquisition Total Checkouts Full call number Barcode Date last seen Price effective from Koha item type
    Dewey Decimal Classification     Donation-Gift Central Library Central Library First floor 12/08/2025 Donation   551.700962 PHA 000057373 12/08/2025 12/08/2025 Book - Borrowing
    Dewey Decimal Classification     Donation-Gift Central Library Central Library First floor 12/08/2025 Donation   551.700962 PHA 000057375 12/08/2025 12/08/2025 Book - Borrowing